| 000 | 01055nam a22003377a 4500 | ||
|---|---|---|---|
| 003 | OSt | ||
| 005 | 20140310182023.0 | ||
| 008 | 130801t xxu||||| |||| 00| 0 eng d | ||
| 020 | _a9781902947655 | ||
| 020 | _a1842360302 | ||
| 050 |
_aQ 173 _aQ 173 _aAG 195 _aD 21 _b.F626 2001 |
||
| 082 |
_aTR 793.730544 _bF64sc 2001 |
||
| 110 |
_aMiles Kelly Publishing Ltd., _97210 |
||
| 245 | _aFlip quiz / | ||
| 260 |
_aGreat Bardfield, Essex : _bMiles Kelly Publishing Ltd., _cc2001. |
||
| 300 | _c19 cm. | ||
| 440 |
_aScience and Maths questions and answers age 7-9 _97211 |
||
| 440 |
_aScience and Maths questions and answers age 9-10 _97212 |
||
| 650 |
_aScience _xMiscellanea _97213 |
||
| 650 |
_aMath _xMiscellaenea _97214 |
||
| 650 |
_aQuestions and answers _94945 |
||
| 650 |
_aGeneral knowledge _xMiscellanea _97215 |
||
| 650 |
_a Questions and answers _94945 |
||
| 650 |
_aHistory _xMiscellanea _97216 |
||
| 650 |
_aQuestions and answers _94945 |
||
| 942 |
_2lcc _cBK-TR |
||
| 999 |
_c8404 _d8404 |
||